书目信息 |
| 题名: |
学会吃!快速调理肾病
|
|
| 作者: | 胡维勤 主编 | |
| 分册: | ||
| 出版信息: | 哈尔滨 黑龙江科学技术出版社 2018.01 |
|
| 页数: | 196页 | |
| 开本: | 22cm | |
| 丛书名: | ||
| 单 册: | ||
| 中图分类: | R256.5 , TS972.161 , R247.1 | |
| 科图分类: | ||
| 主题词: | 肾疾病--食物疗法 , 肾疾病--食物疗法--食谱 , 中医学:临床医学 | |
| 电子资源: | ||
| ISBN: | 978-7-5388-9433-2 | |
| 000 | 01013nam0 2200277 450 | |
| 001 | 407 | |
| 005 | 20180922104414.61 | |
| 010 | @a978-7-5388-9433-2@b精装@dCNY39.80 | |
| 100 | @a20180217d2018 em y0chiy50 ea | |
| 101 | 0 | @achi |
| 102 | @aCN@b230000 | |
| 105 | @aa z 000yy | |
| 200 | 1 | @a学会吃!快速调理肾病@9xue hui chi!kuai su tiao li shen bing@f胡维勤主编 |
| 210 | @a哈尔滨@c黑龙江科学技术出版社@d2018.01 | |
| 215 | @a196页@c彩图@d22cm | |
| 300 | @a金版健康文库 美好生活典藏书系 | |
| 330 | @a本书分为四部分,首章主要介绍肾脏的位置及功能、伤害肾脏的因素、肾病的早期症状;第二部分主要介绍17种常见肾病的食养方法,如急性肾小球肾炎、肾下垂、肾脏肿瘤等;第三部分主要介绍常见养肾食材;第四部分主要介绍常见的养肾中药材。 | |
| 606 | 0 | @a肾疾病@x食物疗法 |
| 606 | 0 | @a肾疾病@x食物疗法@x食谱 |
| 606 | 0 | @a中医学:临床医学 |
| 690 | @aR256.5@v5 | |
| 690 | @aTS972.161@v5 | |
| 690 | @aR247.1@v4 | |
| 701 | 0 | @a胡维勤@9hu wei qin@4主编 |
| 801 | 0 | @aCN@b91MARC@c20180217 |
| 905 | @aMuseLib@dR247.1@e433 | |
| 学会吃!快速调理肾病/胡维勤主编.-哈尔滨:黑龙江科学技术出版社,2018.01 |
| 196页:彩图;22cm |
| 金版健康文库 美好生活典藏书系 |
| ISBN 978-7-5388-9433-2(精装):CNY39.80 |
| 本书分为四部分,首章主要介绍肾脏的位置及功能、伤害肾脏的因素、肾病的早期症状;第二部分主要介绍17种常见肾病的食养方法,如急性肾小球肾炎、肾下垂、肾脏肿瘤等;第三部分主要介绍常见养肾食材;第四部分主要介绍常见的养肾中药材。 |
| ● |
| 相关链接 |
|
|
|
|
正题名:学会吃!快速调理肾病
索取号:R247.1/433
 
预约/预借
| 序号 | 登录号 | 条形码 | 馆藏地/架位号 | 状态 | 备注 |
| 1 | 1119734 | 211197346 | 第二样本阅览室/ [索取号:R247.1/433] | 在馆 | |
| 2 | 1119735 | 211197355 | 第三借阅区/ [索取号:R247.1/433] | 在馆 | |
| 3 | 1119736 | 211197364 | 密集书库-生命科学系/ [索取号:R247.1/433] | 在馆 | |
| 4 | 1119737 | 211197373 | 第三借阅区/ [索取号:R247.1/433] | 在馆 | |
| 5 | 1119738 | 211197382 | 第三借阅区/ [索取号:R247.1/433] | 在馆 |